书目信息 |
| 题名: |
经验与教育
|
|
| 作者: | 杜威 著 ;姜文闵 译 | |
| 分册: | ||
| 出版信息: | 北京 人民教育出版社 2005 |
|
| 页数: | [237]~303页 | |
| 开本: | 21cm | |
| 丛书名: | ||
| 单 册: | ||
| 中图分类: | B712.51 , G40-06 | |
| 科图分类: | ||
| 主题词: | 实用主义教育思想--美国--现代 , 实用主义教育思想 | |
| 电子资源: | ||
| ISBN: | 7-107-17462-2 | |
| 000 | 01118nam0 2200313 450 | |
| 000 | 01144nam0 2200313 450 | |
| 000 | 01075nam0 2200289 450 | |
| 000 | 01039nam0 2200277 45 | |
| 005 | 20070727110619.22 | |
| 010 | @a7-107-17462-2@dCNY20.70 | |
| 100 | @a20070706d2006 em y0chiy0120 ea | |
| 101 | 0 | @achi |
| 102 | @aCN@b110000 | |
| 105 | @ay z 000yy | |
| 200 | 1 | @a经验与教育@AJing Yan Yu Jiao Yu@f(美)约翰·杜威(John Dewey)著@F( Mei ) Yue Han· Du Wei (John Dewey) Zhu@g姜文闵译 |
| 205 | @a2版 | |
| 210 | @a北京@c人民教育出版社@d2005 | |
| 215 | @a[237]~303页@d21cm | |
| 305 | @a据1946年版译出 | |
| 330 | @a本书内容包括:传统教育与进步教育的对立、需要一种经验的理论、经验的标准、社会的控制、自由的性质、目的的意义、进步的教材组织、经验——教育的方法和目的。 | |
| 510 | 1 | @aExperience and Education@zeng |
| 606 | 0 | @a实用主义教育思想@y美国@z现代 |
| 606 | 0 | @a实用主义教育思想 |
| 690 | @aB712.51@v4 | |
| 690 | @aG40-06@v4 | |
| 701 | 1 | @c(美)@a杜威@ADu Wei@g(Dewey, John 1859~1952)@4著 |
| 702 | 0 | @a姜文闵@AJiang Wen Min@4译 |
| 801 | 0 | @aCN@bTAOJIN@c20070727 |
| 905 | @a10447@dG40-06@e450 | |
| 经验与教育/(美)约翰·杜威(John Dewey)著/姜文闵译.-2版.-北京:人民教育出版社,2005 |
| [237]~303页;21cm |
| ISBN 7-107-17462-2:CNY20.70 |
| 本书内容包括:传统教育与进步教育的对立、需要一种经验的理论、经验的标准、社会的控制、自由的性质、目的的意义、进步的教材组织、经验——教育的方法和目的。 |
| ● |
| 相关链接 |
|
|
|
|
正题名:经验与教育
索取号:G40-06/450
 
预约/预借
| 序号 | 登录号 | 条形码 | 馆藏地/架位号 | 状态 | 备注 |
| 1 | 0820735 | 208207359 | 第一样本阅览室/ [索取号:G40-06/450] | 在馆 | |
| 2 | 0820736 | 208207368 | 第四借阅区/ [索取号:G40-06/450] |
已借出,限还日期为2023.09.18 借出人:侯诗棋 |
|
| 3 | 0820737 | 208207377 | 第四借阅区/ [索取号:G40-06/450] | 在馆 | |
| 4 | 0820738 | 208207386 | 第四借阅区/ [索取号:G40-06/450] | 在馆 | |
| 5 | 0820739 | 208207395 | 第四借阅区/ [索取号:G40-06/450] | 在馆 |